Podatki w gospodarce narodowej

Salvato in:
Dettagli Bibliografici
Autore principale: Majchrzycka-Guzowska, Alina
Natura: Libro
Lingua:polacco
Pubblicazione: Warszawa Wyd. Naukowe 1990
Edizione:1. wyd.
Tags: Aggiungi Tag
Nessun Tag, puoi essere il primo ad aggiungerne!!

MARC

LEADER 00000nam a2200000 4500
001 c031147
005 20221215130234.7
041 0 |a pol 
044 |a PL 
245 1 0 |a Podatki w gospodarce narodowej  |c Alina Majchrzycka-Guzowska 
250 |a 1. wyd. 
264 1 |a Warszawa  |b Wyd. Naukowe  |c 1990 
300 |a 202 s. 
100 1 |a Majchrzycka-Guzowska, Alina